| 000 | 00988nam a2200313Ia 4500 | ||
|---|---|---|---|
| 003 | OSt | ||
| 005 | 20221006140538.0 | ||
| 006 | a|||||r|||| 00| 0 | ||
| 007 | ta | ||
| 008 | 221006b |||||||| |||| 00| 0 eng d | ||
| 020 | _a9780226451220 | ||
| 024 | _a36 | ||
| 037 |
_b340, 18/11/1997, Elite Pub. Dists. _cAnnuals, Advances |
||
| 040 |
_aEASL _cEASL _beng |
||
| 041 |
_2eng _aeng |
||
| 082 | _aR43W81.42, N6 | ||
| 100 |
_aKOSCHMANN J Victor _9642717 |
||
| 245 | 0 | _aRevolution and subjectivity in postwar Japan | |
| 260 |
_aChicago _bUniversity of Chicago Press _c1996 |
||
| 300 |
_a293p. _ccm. |
||
| 490 | _v JEL | ||
| 650 |
_a Japan - intellectual life _9642718 |
||
| 650 |
_a JEL _9642719 |
||
| 650 |
_a Philosophy Japanese _9642720 |
||
| 650 |
_a Revolutions - Philosophy _9642721 |
||
| 650 |
_aSubjectivity _9642722 |
||
| 942 |
_hR43W81.42, N6 _cREF _2CC |
||
| 999 |
_c1068125 _d1068125 |
||